| 000 | 00794cam a22002411 4500 | ||
|---|---|---|---|
| 001 | sa 68012206 | ||
| 003 | DLC | ||
| 005 | 20260227112608.0 | ||
| 008 | 720410s1966 ii c b 00010 eng | ||
| 010 | _asa 68012206 //r842 | ||
| 025 | _aPL480:I-E-10908 | ||
| 043 | _aa-ii--- | ||
| 050 | 0 |
_aPL4751 _b.D42 |
|
| 082 | _a494/.811/09 | ||
| 100 | 1 | 0 |
_aTēvanēyan̲, Ñā. _q(Ñānamuttan̲), _d1902-1981. |
| 245 | 1 | 4 |
_aThe primary classical language of the world, _cby G. Devaneyan. |
| 250 | _a[1st ed.] | ||
| 260 | 0 |
_aKa[t]padi Estension, North Arcot Dt., _bNesamani Pub. House; [copies can be had of Paari Nilayam, Madras, _c1966] |
|
| 300 |
_axvi, 313 p. _bport. _c23 cm. |
||
| 350 | _a15.00 | ||
| 504 | _a"Bibliography and abbreviations": p. xi-xiv. | ||
| 650 | 0 |
_aTamil language _xHistory. |
|
| 999 |
_c84384 _d84384 |
||